Čo prináša zákon o obaloch pre priemysel, občanov a obce (2. časť)

Bibliographic Details
Main Author: Gregorová, Dana (Author)
Format: Article
Language:Slovak
ISSN:1335-7808
Subjects:

MARC

LEADER 00000nab a2200000 a 4500
001 vtls000837456
003 SK-MaSNL
005 20260304104911.0
008 250429c2003 xo 0 slo
015 |a SNBRB2003/06-17756 
035 |a CLN000189111 
035 |a urn:nbn:sk:snk-abqag 
035 |a (urnnbn)urn:nbn:sk:snk:ar-a03mde 
035 |a (uuid)af23516e-e67e-4aa8-9932-27795a4a861f 
040 |a SNKBUCL  |b slo  |c SNKBUCL  |e AACR2 
041 0 |a slo 
044 |a xo  |c SK 
080 |a 628.4.043(437.6):621.798.1:340.13  |2 1997 
080 |a 621.798.1(437.6)  |2 1997 
080 |a 340.13(437.6)  |2 1997 
080 |a 504.064.4(437.6)  |2 1997 
100 1 |a Gregorová, Dana  |4 aut  |9 627476 
245 1 0 |a Čo prináša zákon o obaloch pre priemysel, občanov a obce  |n (2. časť)  |c Dana Gregorová 
650 0 7 |a obaly  |2 snkbucl  |9 16768 
650 0 7 |a obalový odpad  |2 snkbucl  |9 71017 
655 7 |a články z novín a časopisov  |2 snkbucl  |9 267496 
773 0 |t Odpady  |g Roč. 3, č. 1 (2003), s. 22-25  |x 1335-7808 
850 |a Slovenská národná knižnica 
852 |a Slovenská národná knižnica 
954 |a odborná, vedecká literatúra pôvodná (slovenská)  |2 lita 
958 |a article27 
958 |a SK 
958 |a OND 
958 |a EUIPO 
992 |a RBX 
999 |c 2853506  |d 2855436